000 00872nam a22002537a 4500
005 20170123162357.0
010 _aB-209136
020 _c280.00
_a8188413364
035 _aB-209136
037 _bCen Lib/Ret
040 _aDPL
_bUR
082 _a854
_bا ر د
100 _aاردو کے نتخب دپو تا ژ مرتبہ طلعت گل
_9143410
245 _aاردو کے نتخب دپو تا ژ :
_cمرتبہ طلعت گل
246 _a Urdu ke Muntakhab /
_bby Talat Gul
260 _a New Delhi
_bM.R. Publications
_c2006
270 _b دہلی
_a2652/55, first Floor, kucha chelan, Daryaganj
_e110002
300 _a318ص
_c19cm(Hb)
650 _aادب -- اردو
_9143411
650 _aاردو سونے عمری
_9108484
650 _aLiterature -- Urdu
_9143412
650 _aUrdu biography
_9511
942 _2ddc
_cUR
_h840۔355
_mا ر د
999 _c109606
_d109606